[Event "TCh-FRA Top 12 2019"]
[Site "Brest FRA"]
[Date "2019.05.20"]
[Round "3.5"]
[Board "4"]
[White "Wirig, Anthony"]
[Black "Tregubov, Pavel V."]
[Result "0-1"]
[WhiteTitle "GM"]
[BlackTitle "GM"]
[WhiteElo "2516"]
[BlackElo "2586"]
[WhiteTeam "Grasse Echecs"]
[BlackTeam "Clichy-Echecs-92"]
[WhiteFideId "615013"]
[BlackFideId "4115341"]
[EventDate "2019.05.18"]

1. c4 c5 2. Nf3 g6 3. e4 Nc6 4. d4 cxd4 5. Nxd4 Nf6 6. Nc3 Nxd4 7. Qxd4 d6 8.
Be2 Bg7 9. Be3 O-O 10. Qd2 a5 11. Rc1 a4 12. O-O Qa5 13. f3 Be6 14. Rfd1 Rfc8
15. Nb5 Qxd2 16. Rxd2 Nd7 17. Nd4 Nc5 18. Nxe6 fxe6 19. Rb1 Rc6 20. g3 Rb6 21.
Kg2 Rb4 22. Rc2 a3 23. Bxc5 dxc5 24. b3 Bd4 25. Rd2 e5 26. Rd3 Kg7 27. Rc1 h5
28. f4 Rf8 29. Rf1 Rb6 30. Rdf3 Rbf6 31. fxe5 Bxe5 32. Rxf6 exf6 33. Rd1 Bd4 34.
b4 b6 35. bxc5 bxc5 36. Rd3 Ra8 37. Rb3 Kf7 38. Rb6 Ke7 39. h3 Kd7 40. Kf3 Kc7
41. Rb3 Kd6 42. Kf4 Be5+ 43. Kf3 Bb2 44. Rb5 Rc8 45. Rb3 Ke5 46. Rd3 Ke6 47. g4
hxg4+ 48. hxg4 Rh8 49. Kg2 Rb8 50. g5 fxg5 51. Rd5 Bd4 52. Bg4+ Kf6 53. e5+ Bxe5
54. Rxc5 Rb2+ 55. Kf3 Rxa2 56. Rc6+ Kg7 57. Ra6 Ra1 58. Ke4 Bb8 59. Kd5 a2 60.
Be2 g4 61. Ke4 g3 62. Kf3 Bd6 63. c5 Bxc5 64. Bc4 g2 0-1

[Event "TCh-FRA Top 12 2019"]
[Site "Brest FRA"]
[Date "2019.05.20"]
[Round "3.5"]
[Board "5"]
[White "Van Foreest, Jorden"]
[Black "Apicella, Manuel"]
[Result "1-0"]
[WhiteTitle "GM"]
[BlackTitle "GM"]
[WhiteElo "2601"]
[BlackElo "2502"]
[WhiteTeam "Clichy-Echecs-92"]
[BlackTeam "Grasse Echecs"]
[WhiteFideId "1039784"]
[BlackFideId "600164"]
[EventDate "2019.05.18"]

1. e4 e6 2. d4 d5 3. Nc3 Bb4 4. e5 Ne7 5. a3 Bxc3+ 6. bxc3 c5 7. Qg4 O-O 8. Bd3
f5 9. exf6 Rxf6 10. Bg5 Rf7 11. Qh5 g6 12. Qd1 Nbc6 13. Nf3 Qa5 14. Bd2 c4 15.
Be2 Bd7 16. h4 Nf5 17. h5 Re8 18. Kf1 e5 19. dxe5 Nxe5 20. Nxe5 Ng3+ 21. Kg1
Rxe5 22. fxg3 Qc5+ 23. Kh2 Qf2 24. Re1 Bf5 25. Bf3 Be4 26. Bxe4 dxe4 27. Be3 1-0

[Event "TCh-FRA Top 12 2019"]
[Site "Brest FRA"]
[Date "2019.05.20"]
[Round "3.5"]
[Board "7"]
[White "Guichard, Pauline"]
[Black "Loiseau, Quentin"]
[Result "0-1"]
[WhiteTitle "WGM"]
[BlackTitle "IM"]
[WhiteElo "2430"]
[BlackElo "2471"]
[WhiteTeam "Clichy-Echecs-92"]
[BlackTeam "Grasse Echecs"]
[WhiteFideId "639370"]
[BlackFideId "665274"]
[EventDate "2019.05.18"]

1. c4 e6 2. Nf3 Nf6 3. Nc3 d5 4. e3 Be7 5. b3 O-O 6. Bb2 c5 7. cxd5 Nxd5 8. h4
Nc6 9. Qb1 f5 10. e4 Nc7 11. Nb5 Ne8 12. e5 a6 13. Na3 b5 14. g3 Bb7 15. Bg2 Nb4
16. O-O Be4 17. Qd1 Nd3 18. Bc1 Qd5 19. Nc2 Nxe5 20. Ne3 Nxf3+ 21. Bxf3 Qb7 22.
Bxe4 Qxe4 23. d3 Qc6 24. Bb2 Nf6 25. Ng2 Bd6 26. Qd2 e5 27. Qg5 Nd5 28. Rac1 Qd7
29. Rfe1 Rae8 30. Ba3 Rc8 31. Qh5 Nf6 32. Qf3 g6 33. Ne3 Qf7 34. Re2 Rc7 35.
Rec2 Rfc8 36. Bb2 Qe6 37. Bc3 Bf8 38. Bb2 Rd7 39. Qe2 Rcd8 40. Nf1 Rd5 41. Re1
Rxd3 42. Bxe5 Ng4 43. Bf4 Qxe2 44. Rexe2 Kf7 45. Kg2 Rc8 46. Nd2 Re8 47. Nf3 h6
48. Ne5+ Nxe5 49. Bxe5 Rc8 50. Re1 Rcd8 51. Bf4 Rd1 52. Ree2 Rc8 53. Re3 Rd5 54.
Rce2 Rc6 55. Re8 c4 56. bxc4 bxc4 57. Ra8 Rd7 58. h5 gxh5 59. Re5 Bd6 60. Rxf5+
Ke6 61. Rxh5 Bxf4 62. gxf4 c3 63. Rxh6+ Kd5 64. Rh1 c2 65. Rc1 Kd4 66. Re8 Kc3
67. Ree1 Rcd6 68. Re2 Rd2 69. Re6 Kb2 70. Rce1 R7d6 71. Re7 Rd1 72. R1e2 Rc6 73.
Rb7+ Ka1 0-1

[Event "TCh-FRA Top 12 2019"]
[Site "Brest FRA"]
[Date "2019.05.20"]
[Round "3.5"]
[Board "8"]
[White "Riff, Vincent"]
[Black "Delorme, Axel"]
[Result "1/2-1/2"]
[WhiteTitle "FM"]
[BlackTitle "GM"]
[WhiteElo "2399"]
[BlackElo "2489"]
[WhiteTeam "Grasse Echecs"]
[BlackTeam "Clichy-Echecs-92"]
[WhiteFideId "617776"]
[BlackFideId "632023"]
[EventDate "2019.05.18"]

1. d4 Nf6 2. Nf3 e6 3. c4 Bb4+ 4. Bd2 Qe7 5. g3 Bxd2+ 6. Qxd2 Nc6 7. Nc3 d5 8.
cxd5 exd5 9. Bg2 O-O 10. O-O Bf5 11. Rac1 a6 12. Rfd1 Na7 13. Ne5 c6 14. Na4 Nb5
15. e3 h5 16. h3 Rfe8 17. Nc5 Nd6 18. Qe2 g6 19. g4 hxg4 20. hxg4 Be6 21. f3 Kg7
22. Qf2 Nd7 23. Qg3 Nxe5 24. Qxe5+ f6 25. Qg3 Rad8 26. Re1 Bf7 27. b3 g5 28.
Rcd1 Bg6 29. a4 f5 30. Bh3 fxg4 31. Bxg4 Qf7 32. Rd2 Re7 33. Rh2 Nf5 34. Bxf5
Qxf5 35. Rg2 Rf8 36. a5 Qxf3 37. Qxg5 Qf6 38. Qxf6+ Rxf6 1/2-1/2

[Event "TCh-FRA Top 12 2019"]
[Site "Brest FRA"]
[Date "2019.05.20"]
[Round "3.6"]
[Board "2"]
[White "Gozzoli, Yannick"]
[Black "Karthikeyan, Murali"]
[Result "1/2-1/2"]
[WhiteTitle "GM"]
[BlackTitle "GM"]
[WhiteElo "2622"]
[BlackElo "2596"]
[WhiteTeam "Asnieres - Le Grand Echiquier"]
[BlackTeam "Cannes Echecs"]
[WhiteFideId "616915"]
[BlackFideId "5074452"]
[EventDate "2019.05.18"]

1. d4 Nf6 2. c4 g6 3. Nc3 Bg7 4. e4 d6 5. Bd3 O-O 6. Nge2 a6 7. O-O c6 8. f3 b5
9. Be3 Nbd7 10. Qd2 e5 11. d5 bxc4 12. Bxc4 Nb6 13. b3 cxd5 14. Bxd5 Nbxd5 15.
Nxd5 Nxd5 16. Qxd5 Be6 17. Qd2 d5 18. exd5 Qxd5 19. Qxd5 Bxd5 20. Rfd1 e4 21.
Bd4 exf3 22. Bxg7 fxe2 23. Rxd5 Kxg7 24. Re1 Rfd8 25. Rxd8 Rxd8 26. Rxe2 1/2-1/2

[Event "TCh-FRA Top 12 2019"]
[Site "Brest FRA"]
[Date "2019.05.20"]
[Round "3.6"]
[Board "4"]
[White "Oparin, Grigoriy"]
[Black "Delabaca, Romuald"]
[Result "1-0"]
[WhiteTitle "GM"]
[BlackTitle "FM"]
[WhiteElo "2624"]
[BlackElo "2360"]
[WhiteTeam "Asnieres - Le Grand Echiquier"]
[BlackTeam "Cannes Echecs"]
[WhiteFideId "24125890"]
[BlackFideId "614661"]
[EventDate "2019.05.18"]

1. Nf3 Nf6 2. g3 d5 3. Bg2 e6 4. c4 Be7 5. d4 O-O 6. Nc3 dxc4 7. Ne5 Nc6 8. Bxc6
bxc6 9. Nxc6 Qe8 10. Nxe7+ Qxe7 11. Qa4 c5 12. dxc5 Qxc5 13. Be3 Qc7 14. Rd1 Bb7
15. f3 Nd5 16. Bd4 a5 17. Kf2 f6 18. Rd2 Rfc8 19. Nxd5 exd5 20. g4 Qe7 21. h4
Bc6 22. Qc2 Be8 23. Qf5 Qd7 24. Qxd7 Bxd7 25. Rg1 Kf7 26. g5 Be6 27. h5 fxg5 28.
Rxg5 g6 29. e4 dxe4 30. fxe4 Re8 31. Kf3 a4 32. hxg6+ hxg6 33. Rh2 Rg8 34. Rh7+
Ke8 35. Bf6 Ra6 36. Re5 Kf8 37. Bg5 1-0

[Event "TCh-FRA Top 12 2019"]
[Site "Brest FRA"]
[Date "2019.05.20"]
[Round "3.6"]
[Board "5"]
[White "Ludwig, Remi"]
[Black "Moussard, Jules"]
[Result "0-1"]
[BlackTitle "GM"]
[WhiteElo "2312"]
[BlackElo "2583"]
[WhiteTeam "Cannes Echecs"]
[BlackTeam "Asnieres - Le Grand Echiquier"]
[WhiteFideId "653993"]
[BlackFideId "642908"]
[EventDate "2019.05.18"]

1. d4 d6 2. Nf3 g6 3. c4 Nf6 4. Nc3 Bf5 5. Ng5 Bg7 6. e4 Bd7 7. f4 e5 8. dxe5
dxe5 9. fxe5 Ng4 10. e6 Bxe6 11. Qxd8+ Kxd8 12. Be2 Ne5 13. Bf4 Nbd7 14. O-O-O
h6 15. Nf3 Kc8 16. Nxe5 Bxe5 17. g3 g5 18. Bxe5 Nxe5 19. b3 c6 20. h4 Kc7 21.
Rhf1 Rag8 22. Bh5 gxh4 23. gxh4 Rg3 24. Ne2 Rh3 25. Rh1 Re3 26. Nf4 Rxe4 27.
Nxe6+ fxe6 28. Kb1 Rf8 29. Rhg1 Rxh4 30. Rg7+ Kb6 31. Be2 Rf2 0-1

[Event "TCh-FRA Top 12 2019"]
[Site "Brest FRA"]
[Date "2019.05.20"]
[Round "3.6"]
[Board "6"]
[White "Degraeve, Jean-Marc"]
[Black "Genzling, Alain"]
[Result "1/2-1/2"]
[WhiteTitle "GM"]
[BlackTitle "IM"]
[WhiteElo "2546"]
[BlackElo "2376"]
[WhiteTeam "Asnieres - Le Grand Echiquier"]
[BlackTeam "Cannes Echecs"]
[WhiteFideId "600270"]
[BlackFideId "632708"]
[EventDate "2019.05.18"]

1. e4 c5 2. Nc3 Nc6 3. Bb5 Nd4 4. Bc4 e6 5. Nf3 Nf6 6. O-O a6 7. d3 b5 8. Bb3
Nxb3 9. axb3 Bb7 10. e5 b4 11. exf6 bxc3 12. fxg7 Bxg7 13. bxc3 Bxc3 14. Ra4 Rg8
15. Bf4 Qf6 16. Bg3 Bxf3 17. gxf3 h5 18. h4 d5 19. Qe2 Bd4 20. Kh2 a5 21. c4 Kd7
22. Qa2 Be5 23. cxd5 Qxf3 24. dxe6+ fxe6 25. Rg1 Bxg3+ 26. fxg3 Qxd3 27. Rxa5
Rxa5 28. Qxa5 Qxb3 29. Qxc5 Qd5 30. Qa7+ Kd6 31. Qa3+ Kd7 32. Qa4+ Ke7 33. Qa7+
Kd6 34. Rg2 Ra8 35. Qb6+ Kd7 36. Qb2 Ke7 37. Rd2 Qf3 38. Qg7+ Ke8 39. Qd7+ Kf8
40. Qxe6 Re8 41. Qh6+ Kg8 42. Qg6+ Kf8 43. Qc2 Qg4 44. Rf2+ Kg7 45. Qb2+ Kg8 46.
Qb5 Rf8 47. Qd5+ Kg7 48. Qe5+ Kg8 49. Rxf8+ Kxf8 50. Qf4+ Kg7 51. Qxg4+ hxg4 52.
Kg2 Kg6 53. Kf2 Kf6 54. Ke2 Ke6 55. Kd2 Kd6 56. Kc2 Ke6 57. Kb2 Kd6 58. Ka3 Ke5
59. Kb3 Kd5 60. Kb2 Kd6 61. Ka2 Ke6 62. Ka3 Ke5 63. Ka4 Ke4 64. Kb3 Kd5 65. Kb2 1/2-1/2

[Event "TCh-FRA Top 12 2019"]
[Site "Brest FRA"]
[Date "2019.05.20"]
[Round "3.6"]
[Board "7"]
[White "Bressac, Stephane"]
[Black "Gurevich, Mikhail"]
[Result "0-1"]
[WhiteTitle "FM"]
[BlackTitle "GM"]
[WhiteElo "2358"]
[BlackElo "2566"]
[WhiteTeam "Cannes Echecs"]
[BlackTeam "Asnieres - Le Grand Echiquier"]
[WhiteFideId "655945"]
[BlackFideId "200930"]
[EventDate "2019.05.18"]

1. e4 d6 2. d4 g6 3. Nc3 Bg7 4. g3 Nf6 5. Bg2 O-O 6. Nge2 e5 7. O-O c6 8. a4 a5
9. h3 Na6 10. Be3 Re8 11. dxe5 dxe5 12. Qxd8 Rxd8 13. Rad1 Be6 14. Bb6 Rxd1 15.
Rxd1 Nb4 16. Rd8+ Rxd8 17. Bxd8 Nxc2 18. Bxa5 Nd7 19. Bc7 Bf8 20. f4 Bc5+ 21.
Kh2 f6 22. Nc1 Nb4 23. Bf1 Be3 24. Nd3 Nxd3 25. Bxd3 Bc1 26. a5 Bxb2 27. Na4 Bd4
28. Nb6 Nc5 29. Bc2 Kf7 30. f5 Bb3 31. Bxb3+ Nxb3 32. Nc4 Nc5 33. Kg2 Nxe4 34.
fxg6+ hxg6 35. Kf3 Ng5+ 36. Kg4 Ke6 37. h4 Nf7 38. Kf3 Kd5 0-1

[Event "TCh-FRA Top 12 2019"]
[Site "Brest FRA"]
[Date "2019.05.20"]
[Round "3.6"]
[Board "8"]
[White "Skripchenko, Almira"]
[Black "Gras, Delphine"]
[Result "1-0"]
[WhiteTitle "IM"]
[WhiteElo "2406"]
[BlackElo "1835"]
[WhiteTeam "Asnieres - Le Grand Echiquier"]
[BlackTeam "Cannes Echecs"]
[WhiteFideId "13900145"]
[BlackFideId "632724"]
[EventDate "2019.05.18"]

1. Nf3 d5 2. g3 Nf6 3. Bg2 e6 4. O-O Be7 5. d3 O-O 6. Nbd2 Nbd7 7. e4 dxe4 8.
dxe4 e5 9. Re1 c6 10. Nh4 g6 11. Nc4 Qc7 12. Bg5 Nc5 13. Qf3 Bg4 14. Qe3 Be6 15.
Bxf6 Bxc4 16. Bxe7 Qxe7 17. Qc3 Ba6 18. a4 Nd7 19. b4 b6 20. Bh3 Rfd8 21. Nf3 f6
22. Qxc6 Nf8 23. Qc3 Bc8 24. Bf1 Be6 25. Ba6 Rd7 26. a5 Rc7 27. Qb2 b5 28. Bxb5
Rb8 29. Bd3 Rxb4 30. Qa3 Qc5 31. Nd2 Nd7 32. Kg2 f5 33. a6 Nf6 34. Rab1 Rxb1 35.
Qxc5 Rxc5 36. Rxb1 fxe4 37. Nxe4 Nxe4 38. Bxe4 Bc8 39. Rb7 Ra5 40. Rb8 1-0

[Event "TCh-FRA Top 12 2019"]
[Site "Brest FRA"]
[Date "2019.05.21"]
[Round "4.1"]
[Board "1"]
[White "Fedorov, Alexei"]
[Black "Malakhov, Vladimir"]
[Result "1/2-1/2"]
[WhiteTitle "GM"]
[BlackTitle "GM"]
[WhiteElo "2566"]
[BlackElo "2660"]
[WhiteTeam "Gonfreville l'Orcher"]
[BlackTeam "Club d'Echecs Metz Fischer"]
[WhiteFideId "13500465"]
[BlackFideId "4120787"]
[EventDate "2019.05.18"]

1. e4 e5 2. Nf3 Nc6 3. Bc4 Bc5 4. O-O Nf6 5. d3 d6 6. c3 a6 7. Bb3 Ba7 8. Nbd2
O-O 9. h3 h6 10. Re1 Re8 11. Nf1 Be6 12. Be3 Bxe3 13. Nxe3 Bxb3 14. Qxb3 Rb8 15.
Nh2 1/2-1/2

[Event "TCh-FRA Top 12 2019"]
[Site "Brest FRA"]
[Date "2019.05.21"]
[Round "4.1"]
[Board "2"]
[White "Balogh, Csaba"]
[Black "Miezis, Normunds"]
[Result "0-1"]
[WhiteTitle "GM"]
[BlackTitle "GM"]
[WhiteElo "2598"]
[BlackElo "2456"]
[WhiteTeam "Club d'Echecs Metz Fischer"]
[BlackTeam "Gonfreville l'Orcher"]
[WhiteFideId "718939"]
[BlackFideId "11600136"]
[EventDate "2019.05.18"]

1. e4 c5 2. Nf3 e6 3. d4 cxd4 4. Nxd4 a6 5. c4 Nf6 6. Nc3 Bb4 7. Qd3 O-O 8. e5
Ne8 9. Be2 d6 10. Nc2 Ba5 11. exd6 Qxd6 12. Qxd6 Nxd6 13. b4 Bc7 14. Bf4 Nc6 15.
c5 Nb5 16. Bxc7 Nxc7 17. O-O-O e5 18. Bc4 Be6 19. Bxe6 Nxe6 20. Rd7 a5 21. a3
axb4 22. axb4 Rfb8 23. Nd5 Rd8 24. Rxd8+ Rxd8 25. Rd1 Ned4 26. Nde3 f6 27. Kb2
Kf7 28. Nxd4 exd4 29. Nc4 Nxb4 30. Nd6+ Ke6 31. Rxd4 Na6 32. Re4+ Kd5 33. Re7
Nxc5 34. Nf5 g6 35. Ne3+ Kc6 36. Rxh7 Rd2+ 37. Kc3 Ne4+ 38. Kb4 Rb2+ 39. Kc4
Rxf2 40. Rh6 Rd2 41. Ng4 b5+ 42. Kb3 Rxg2 43. Rxg6 Kc5 44. h4 Rg3+ 45. Kb2 Kb4
46. h5 Rg2+ 47. Kc1 Kb3 48. Ne3 Re2 0-1

[Event "TCh-FRA Top 12 2019"]
[Site "Brest FRA"]
[Date "2019.05.21"]
[Round "4.1"]
[Board "3"]
[White "Lefebvre, Herve"]
[Black "Postny, Evgeny"]
[Result "0-1"]
[WhiteTitle "FM"]
[BlackTitle "GM"]
[WhiteElo "2291"]
[BlackElo "2603"]
[WhiteTeam "Gonfreville l'Orcher"]
[BlackTeam "Club d'Echecs Metz Fischer"]
[WhiteFideId "607363"]
[BlackFideId "2804344"]
[EventDate "2019.05.18"]

1. e4 c6 2. d4 d5 3. Nc3 dxe4 4. Nxe4 Bf5 5. Ng3 Bg6 6. Nh3 Nd7 7. Bc4 e6 8. O-O
Bd6 9. f4 Ne7 10. Ng5 Nf6 11. Bd3 Qc7 12. Bxg6 hxg6 13. Qe2 Nf5 14. Nxf5 gxf5
15. c4 O-O-O 16. c5 Bf8 17. Be3 g6 18. Nf3 Ne4 19. b4 f6 20. Qc4 Rd5 21. a4 g5
22. b5 gxf4 23. b6 axb6 24. cxb6 Qxb6 25. Rfb1 Qc7 26. a5 Nd6 27. Qe2 fxe3 28.
a6 bxa6 29. Qxa6+ Kd7 0-1

[Event "TCh-FRA Top 12 2019"]
[Site "Brest FRA"]
[Date "2019.05.21"]
[Round "4.1"]
[Board "4"]
[White "Feller, Sebastien"]
[Black "Vallin, Guillaume"]
[Result "1/2-1/2"]
[WhiteTitle "GM"]
[BlackTitle "IM"]
[WhiteElo "2587"]
[BlackElo "2389"]
[WhiteTeam "Club d'Echecs Metz Fischer"]
[BlackTeam "Gonfreville l'Orcher"]
[WhiteFideId "634654"]
[BlackFideId "614823"]
[EventDate "2019.05.18"]

1. e4 e6 2. f4 d5 3. e5 c5 4. Nf3 Nc6 5. c3 Nge7 6. Na3 Nf5 7. Nc2 Be7 8. d4
cxd4 9. cxd4 Qb6 10. Be2 h5 11. O-O a5 12. Qd3 Bd7 13. Bd2 O-O 14. Bc3 Nb4 15.
Qd2 Nxc2 16. Qxc2 Ne3 17. Qd3 Nxf1 18. Rxf1 Qa6 19. Qc2 Bb5 20. Bxb5 Qxb5 21. f5
exf5 22. Qxf5 Ra6 23. Qxh5 Qd3 24. Qh3 Re6 25. Bxa5 Ra8 26. Bc3 Rxa2 27. Ng5
Qxh3 28. Nxh3 Rb6 1/2-1/2

[Event "TCh-FRA Top 12 2019"]
[Site "Brest FRA"]
[Date "2019.05.21"]
[Round "4.1"]
[Board "5"]
[White "Payen, Arnaud"]
[Black "Terrieux, Kevin"]
[Result "1/2-1/2"]
[WhiteTitle "IM"]
[BlackTitle "IM"]
[WhiteElo "2358"]
[BlackElo "2455"]
[WhiteTeam "Gonfreville l'Orcher"]
[BlackTeam "Club d'Echecs Metz Fischer"]
[WhiteFideId "600814"]
[BlackFideId "622591"]
[EventDate "2019.05.18"]

1. d4 d5 2. Nf3 Nf6 3. c4 dxc4 4. e3 a6 5. Bxc4 b5 6. Be2 Bb7 7. O-O e6 8. Nc3
Nbd7 9. b3 c5 10. Bb2 Bd6 11. dxc5 Bxc5 12. Qb1 Qc7 13. b4 1/2-1/2

[Event "TCh-FRA Top 12 2019"]
[Site "Brest FRA"]
[Date "2019.05.21"]
[Round "4.1"]
[Board "7"]
[White "Fruteau, Sabine"]
[Black "Vitoux, Colomban"]
[Result "0-1"]
[WhiteTitle "WFM"]
[BlackTitle "IM"]
[WhiteElo "2015"]
[BlackElo "2384"]
[WhiteTeam "Gonfreville l'Orcher"]
[BlackTeam "Club d'Echecs Metz Fischer"]
[WhiteFideId "601942"]
[BlackFideId "628549"]
[EventDate "2019.05.18"]

1. e4 e6 2. d4 d5 3. Nc3 Bb4 4. Qd3 Nc6 5. e5 f6 6. exf6 Nxf6 7. Nf3 O-O 8. Bg5
Qd6 9. O-O-O Bd7 10. Nb5 Qe7 11. Ne5 a6 12. Nc3 Bd6 13. f4 Qe8 14. Bxf6 gxf6 15.
Qg3+ Kh8 16. Nxd7 Qxd7 17. Be2 Rg8 18. Qf2 Raf8 19. g3 Bb4 20. Nb1 Ba5 21. c3
Bb6 22. Qf3 Ne7 23. Bd3 e5 24. dxe5 fxe5 25. Qe2 exf4 26. gxf4 Qd6 27. Qe5+ Qxe5
28. fxe5 Be3+ 29. Kc2 Rf2+ 0-1

[Event "TCh-FRA Top 12 2019"]
[Site "Brest FRA"]
[Date "2019.05.21"]
[Round "4.2"]
[Board "1"]
[White "Villegas, Pierre"]
[Black "Oleksiyenko, Mykhaylo"]
[Result "0-1"]
[WhiteTitle "IM"]
[BlackTitle "GM"]
[WhiteElo "2354"]
[BlackElo "2595"]
[WhiteTeam "C.E.M.C. Monaco"]
[BlackTeam "Grasse Echecs"]
[WhiteFideId "654183"]
[BlackFideId "4152417"]
[EventDate "2019.05.18"]

1. d4 Nf6 2. c4 e6 3. Nc3 d5 4. cxd5 exd5 5. Bg5 Be7 6. e3 c6 7. Qc2 Nbd7 8. Bd3
Nh5 9. Bxe7 Qxe7 10. Nge2 g6 11. O-O-O Nb6 12. Kb1 Ng7 13. Qc1 Bf5 14. Nf4 O-O-O
15. Bxf5+ Nxf5 16. g4 Nd6 17. h4 Kb8 18. Qc2 h6 19. Rdg1 g5 20. hxg5 hxg5 21.
Nh5 Qe6 22. Rh3 Nd7 23. Ng7 Qf6 24. Nh5 Qe7 25. Rgh1 Qe6 26. Rg1 Nf6 27. Ng7 Qd7
28. Rxh8 Rxh8 29. Nf5 Nxf5 30. gxf5 g4 31. Ne2 Ne4 32. Ng3 Nxg3 33. fxg3 Qe7 34.
Qf2 Qe4+ 35. Kc1 Kc7 36. Kd2 Kd7 37. Rf1 Rh5 38. Kc3 Rh3 39. Kd2 Rh5 40. Kc3 Rh3
41. Kd2 Ke7 42. Qg1 Kf6 43. Rf4 Rh1 44. Rxe4 Rxg1 45. Rxg4 Rg2+ 46. Kc1 Re2 47.
Rg8 Rxe3 48. g4 Re4 49. Rb8 b5 50. Ra8 Rxg4 51. Rxa7 Rxd4 52. b3 b4 53. Rc7 c5
54. Rxc5 Kxf5 55. Rc7 f6 56. a3 bxa3 57. Ra7 Ke4 58. Kc2 f5 59. Rxa3 f4 60. Ra7
f3 0-1

[Event "TCh-FRA Top 12 2019"]
[Site "Brest FRA"]
[Date "2019.05.21"]
[Round "4.2"]
[Board "2"]
[White "Hera, Imre Jr."]
[Black "Cornette, Deimante"]
[Result "1/2-1/2"]
[WhiteTitle "GM"]
[BlackTitle "IM"]
[WhiteElo "2611"]
[BlackElo "2433"]
[WhiteTeam "Grasse Echecs"]
[BlackTeam "C.E.M.C. Monaco"]
[WhiteFideId "716855"]
[BlackFideId "12802859"]
[EventDate "2019.05.18"]

1. g3 d5 2. Bg2 g6 3. c4 c6 4. cxd5 cxd5 5. Qb3 Nf6 6. Nc3 e6 7. Nf3 Nc6 8. O-O
Bg7 9. d3 O-O 10. Bf4 Qe7 11. Rfc1 d4 12. Na4 e5 13. Bg5 h6 14. Bxf6 Bxf6 15.
Nc5 Rb8 16. Qa4 Be6 17. Nxe6 Qxe6 18. Nd2 Rfc8 19. Ne4 Be7 20. Nc5 Bxc5 21. Rxc5
a6 22. Bd5 Qe7 23. Rac1 Na7 24. Qa3 Qd7 25. Qb3 b6 26. Rxc8+ Rxc8 27. Rxc8+ Nxc8
28. Qc4 Na7 29. Be4 Qc8 30. Qd5 Qc7 31. Bxg6 Nc8 32. Be4 Ne7 33. Qc4 Qa7 34. Kg2
b5 35. Qc1 Kg7 36. b4 Qb6 37. f4 Qd6 38. fxe5 Qxb4 39. Qf4 Qb2 40. Qf6+ Kf8 41.
Qxh6+ Ke8 42. Bf3 Qxa2 43. Qh8+ Kd7 44. Qb8 Qe6 45. h4 Ng6 46. Qa7+ Ke8 47. Qxd4
Nxe5 48. Bd5 Qd6 49. h5 Kf8 50. h6 b4 51. e4 a5 52. Qa7 Qf6 53. Qb8+ Ke7 54.
Qc7+ Kf8 55. Qc8+ Ke7 56. Qc5+ Ke8 57. Qc8+ Ke7 58. Qc5+ Ke8 59. Qc8+ 1/2-1/2

[Event "TCh-FRA Top 12 2019"]
[Site "Brest FRA"]
[Date "2019.05.21"]
[Round "4.2"]
[Board "4"]
[White "Apicella, Manuel"]
[Black "Efimov, Igor"]
[Result "1-0"]
[WhiteTitle "GM"]
[BlackTitle "GM"]
[WhiteElo "2502"]
[BlackElo "2439"]
[WhiteTeam "Grasse Echecs"]
[BlackTeam "C.E.M.C. Monaco"]
[WhiteFideId "600164"]
[BlackFideId "806404"]
[EventDate "2019.05.18"]

1. e4 c5 2. Nf3 e6 3. c3 d5 4. e5 Ne7 5. d4 Nec6 6. Be2 Be7 7. O-O b6 8. Re1 Ba6
9. dxc5 Bxe2 10. Qxe2 bxc5 11. c4 d4 12. Bf4 Nd7 13. Bg3 Qb6 14. b3 a5 15. Na3
a4 16. Nb5 O-O 17. Qe4 axb3 18. axb3 Ra6 19. h4 h6 20. h5 Rfa8 21. Rxa6 Rxa6 22.
Bh4 Bxh4 23. Qxh4 Qd8 24. Qf4 Nb4 25. Rd1 Nb8 26. g4 Qe7 27. g5 hxg5 28. Nxg5
Nd7 29. h6 gxh6 30. Ne4 Nc6 31. Nf6+ Nxf6 32. exf6 Qf8 33. Kh1 e5 34. Rg1+ Kh8
35. Qf5 Nd8 36. Rg7 1-0

[Event "TCh-FRA Top 12 2019"]
[Site "Brest FRA"]
[Date "2019.05.21"]
[Round "4.2"]
[Board "5"]
[White "Dornbusch, Tatiana"]
[Black "Loiseau, Quentin"]
[Result "0-1"]
[WhiteTitle "WGM"]
[BlackTitle "IM"]
[WhiteElo "2285"]
[BlackElo "2471"]
[WhiteTeam "C.E.M.C. Monaco"]
[BlackTeam "Grasse Echecs"]
[WhiteFideId "14107449"]
[BlackFideId "665274"]
[EventDate "2019.05.18"]

1. d4 Nf6 2. Nf3 d5 3. c4 e6 4. Nc3 dxc4 5. e3 a6 6. a4 c5 7. Bxc4 Nc6 8. O-O
Be7 9. Qe2 O-O 10. Rd1 Qc7 11. h3 Rd8 12. dxc5 Rxd1+ 13. Qxd1 Bxc5 14. Bd2 Bd7
15. Rc1 Rd8 16. Qe2 Ne5 17. Nxe5 Qxe5 18. Rd1 Bc6 19. Bc1 Rc8 20. Bd3 Bb4 21.
Bd2 Qa5 22. Bc2 h6 23. Be1 Qg5 24. f3 Bc5 25. Bf2 Bb6 26. Kh1 Bc7 27. Qd3 Bg3
28. Bg1 Qh4 29. e4 Nh5 30. Ne2 Be5 31. b4 Ng3+ 32. Nxg3 Qxg3 33. Qe2 Be8 34. Rb1
g5 35. b5 axb5 36. axb5 h5 37. Bd3 Rc3 38. Rd1 Kg7 39. Qf2 h4 40. Qxg3 hxg3 41.
h4 gxh4 42. f4 Bf6 43. e5 Be7 44. Be4 Bxb5 45. Bxb7 Bc6 46. Bd4 Rc2 47. Bxc6
Rxc6 48. f5 exf5 49. e6+ f6 50. Re1 Kg6 51. Kg1 f4 52. Kf1 Kf5 53. Ba7 Ra6 54.
Bg1 Rxe6 55. Rxe6 Kxe6 56. Ke2 Kd5 57. Ba7 Ke4 58. Bb6 Bd6 59. Ba7 Be5 60. Bb6
Bd4 61. Bc7 h3 62. gxh3 g2 0-1

[Event "TCh-FRA Top 12 2019"]
[Site "Brest FRA"]
[Date "2019.05.21"]
[Round "4.2"]
[Board "6"]
[White "Wirig, Anthony"]
[Black "Ribbegren, Karl Johan"]
[Result "1-0"]
[WhiteTitle "GM"]
[WhiteElo "2516"]
[BlackElo "2209"]
[WhiteTeam "Grasse Echecs"]
[BlackTeam "C.E.M.C. Monaco"]
[WhiteFideId "615013"]
[BlackFideId "5400040"]
[EventDate "2019.05.18"]

1. d4 d6 2. e4 Nf6 3. Nc3 g6 4. Be3 c6 5. h3 Nbd7 6. Nf3 Qc7 7. a4 Bg7 8. Bd3
O-O 9. O-O e5 10. Re1 Re8 11. Qd2 b6 12. Bh6 Bb7 13. Bxg7 Kxg7 14. dxe5 dxe5 15.
Ne2 Nc5 16. Ng3 Kh8 17. Bc4 Rad8 18. Qc3 a5 19. b4 axb4 20. Qxb4 Na6 21. Qb2 Re7
22. Ng5 Rd4 23. Qa2 Nc5 24. c3 Rdd7 25. Qe2 h6 26. Nf3 Rd8 27. a5 Ncd7 28. Qe3
Kg7 29. Nh4 Ng8 30. Nhf5+ gxf5 31. Nxf5+ Kf8 32. Qg3 Ndf6 33. Qg7+ Ke8 34. axb6
Qd7 35. Ra7 Rb8 36. Bb3 1-0